000 00412nam a2200157Ia 4500
008 230718s9999 xx 000 0 und d
041 _aeng
082 _a381.1
_bCAS
100 _aCassidy J.
_9136621
245 _aDoc.Com The Greatest Story Ever Sold
260 _c2002
_bHarper And Rao
300 _a372
365 _cRs.
_b1054.00
700 _aCassidy J.
_9136621
906 _dB:387920-Mar-2002
_cOTH
_b158.1
999 _c303311
_d303311